000 00375nam a2200133Ia 4500
008 151001s9999||||xx |||||||||||||| ||und||
100 _aअविनाश धर्माधिकारी
245 _aविजय पथ
250 _a1
260 _bसंवाद प्रकाशन मुंबई
260 _c1993
300 _a181
365 _b21
999 _c970152
_d970149